| 000 | 01143nam a2200277 a 4500 | ||
|---|---|---|---|
| 008 | |||
| 020 | _a047195425X (cased) | ||
| 049 | _aMAIN | ||
| 050 | 0 |
_aTP248.E5 _bW56 |
|
| 090 | 0 | _aTP248.65.E59 | |
| 245 | 1 | 0 |
_aEnzyme engineering / _cedited by Lemuel B. Wingard. |
| 260 |
_aNew York : _bInterscience Publishers, _c1972. |
||
| 300 |
_axiii, 415 p. : _bill. ; _c23 cm. |
||
| 440 | 0 |
_aBiotechnology and bioengineering symposium ; _vno. 3. |
|
| 500 | _a"Papers in part from the Engineering Foundation conference on "enzyme engineering," August 9-13, 1971, Henniker, New Hampshire, and the 64th annual meeting of the American Institute of Chemical Engineers, December 1, 1971, San Francisco, California." | ||
| 504 | _aIncludes bibliographical references. | ||
| 650 | 0 |
_aEnzymes _xIndustrial applications _xCongresses. |
|
| 700 | _aWingard, Lemuel B. | ||
| 710 | 2 | 0 | _aEngineering Foundation (U.S.) |
| 710 | 2 | 0 | _aAmerican Institute of Chemical Engineers. |
| 907 |
_a.b1011337x _b27-02-04 _c27-02-04 |
||
| 003 | |||
| 005 | 20230123133637.0 | ||
| 040 | _cNUST | ||
| 942 |
_cBOOKS _kTP248.65.E59 |
||
| 999 |
_c152153 _d152153 |
||